000 01010nam a22002778i 4500
001 021150574
003 EG-ScBUE
005 20260208101116.0
008 230719s2023 enka f b 001 0 eng d
020 _a9781914124693
040 _aStDuBDS
_beng
_erda
_cStDuBDS
_dEG-ScBUE
082 0 4 _a690.24
_222
_bBOL
100 1 _aBollack, Françoise Astorg,
_eauthor.
245 1 0 _aOld buildings, new ideas :
_ba selective architectural history of additions, adaptations, reuse and design invention /
_cFrançoise Bollack.
264 1 _aLondon :
_bRIBA Publishing,
_c2023.
300 _a176 pages :
_billustrations (black and white, and colour) ;
_c25 cm
336 _atext
_2rdacontent
_btxt
336 _astill image
_2rdacontent
_btxt
337 _aunmediated
_2rdamedia
_bn
338 _avolume
_2rdacarrier
_bnc
504 _aIncludes bibliographical references and index.
650 7 _aBuildings
_xRepair and reconstruction.
_2BUEsh
655 _vReading book
942 _2ddc
_cBB
999 _c31084
_d31055